000 00649nam a2200265Ia 4500
005 20260121172108.0
008 008 260114s9999 xx 000 0 eng d
020 _a9783030512064
037 _aEBOOK
040 _aCRL
040 _beng
040 _cCRL
041 _2eng
041 _aeng
084 _qCRL
100 _aIlaria de Lisa
_91084201
245 4 _aThe Patentability of Synthetic Biology Inventions
260 _bSpringer
260 _bSpringer
260 _c2020
856 _uhttps://link.springer.com/openurl?genre=book&isbn=978-3-030-51206-4
942 _cEBOOK
999 _c1649935
_d1649935